000
00264nam a2200097Ia 4500
008
240331s9999 xx 000 0 und d
082
_b
SIV
100
_a
Sivathamby, Karthigesu
245
0
_a
Yarlpanaththil Pulaimaiththuva Marapu :
_b
Orr Illakkiya Kannoddam
942
_c
L
999
_c
2042
_d
2042